000 00353nam a2200121Ia 4500
005 20260328104330.0
008 260328s9999||||xx |||||||||||||| ||und||
100 _aJunta del Acuerdo de Cartagena
245 0 _aManual de DiseƱo para Maderas del Grupo Andino /
_cJunta del Acuerdo de Cartagena
260 _bPadt-Refort
650 _aMADERA
942 _cBK
999 _c11661
_d11661